00461cam a2200169ua 45000010005000000080039000050200018000440400009000620820008000711000032000792450052001112500009001632600044001723000017002166530014002336530044002473022110921n ii |||gr||||Z||||||eng a81-237-3316-X cMAIN a9201 aBose, Sisir Kumar,eAuthor.11aNetaji Subhas Chandra Bosecby Sisir Kumar Bose a1st. aNew delhi:bNational Book trust,c2005. a155p:c23cm. aBiography aBiography of Netaji Subhas Chandra Bose